[Event "WY Boys-U14"]
[Site "Porto Carras GRE"]
[Date "2010.10.22"]
[Round "3.14"]
[White "Kessler, Luca"]
[Black "Bortnik, Alexandr"]
[Result "0-1"]
[WhiteElo "2098"]
[BlackElo "2302"]
[WhiteFideId "1600087"]
[BlackFideId "14120828"]
[EventDate "2010.10.20"]

1. Nf3 f5 2. d3 d6 3. e4 e5 4. Nc3 Nf6 5. Bg5 Be7 6. exf5 Bxf5 7. d4 e4 8. Nh4
Be6 9. d5 Nxd5 10. Bxe7 Nxe7 11. Qd4 d5 12. Qxg7 Rg8 13. Qf6 Bf7 14. O-O-O Nd7
15. Qf4 c6 16. f3 Rf8 17. Qd6 e3 18. Re1 Qb6 19. Bd3 Bg8 20. g4 Rf6 21. Qa3 Nc5
22. Na4 Nxa4 23. Qxa4 d4 24. Nf5 Nxf5 25. Bxf5 Qc5 26. Rd1 Rd8 27. c3 b5 28. Qa5
Rxf5 0-1

[Event "WY Boys-U14"]
[Site "Porto Carras GRE"]
[Date "2010.10.22"]
[Round "3.15"]
[White "Kumic, Filip"]
[Black "Georgiadis, Nico"]
[Result "0-1"]
[WhiteElo "2046"]
[BlackElo "2262"]
[WhiteFideId "931373"]
[BlackFideId "1300113"]
[EventDate "2010.10.20"]

1. d4 Nf6 2. c4 c5 3. d5 b5 4. cxb5 a6 5. b6 d6 6. Nc3 g6 7. a4 Qxb6 8. a5 Qa7
9. e4 Nbd7 10. f4 Bg7 11. Bc4 O-O 12. Nf3 Rb8 13. O-O Ne8 14. Qd3 Nc7 15. b3 Nb5
16. Bd2 Nd4 17. Ra3 Nxb3 18. Rxb3 Rxb3 19. Bxb3 c4+ 20. Qe3 Qxe3+ 21. Bxe3 cxb3
22. Bd4 Nc5 23. Bxg7 Kxg7 24. Nd2 Bd7 25. Rb1 Rb8 26. Kf2 Rb4 27. Ke3 f5 28. e5
dxe5 29. fxe5 f4+ 30. Kf3 Bf5 31. Rb2 Bc2 32. d6 exd6 33. exd6 Nd3 34. d7 Ne5+ 0-1

[Event "WY Boys-U14"]
[Site "Porto Carras GRE"]
[Date "2010.10.22"]
[Round "3.17"]
[White "Dunaveckis, Deniss"]
[Black "Tran, Tuan Minh"]
[Result "0-1"]
[BlackTitle "FM"]
[WhiteElo "2020"]
[BlackElo "2227"]
[WhiteFideId "11601477"]
[BlackFideId "12401820"]
[EventDate "2010.10.20"]

1. e4 e6 2. d4 d5 3. Nd2 h6 4. Ngf3 Nf6 5. exd5 exd5 6. Bd3 Bd6 7. O-O O-O 8.
Re1 Bg4 9. Nf1 Nc6 10. c3 Ne7 11. Ng3 Ng6 12. h3 Bxf3 13. Qxf3 Nh4 14. Qd1 Qd7
15. Nh5 Qd8 16. Nxf6+ Qxf6 17. Bd2 Rae8 18. Qh5 c6 19. Re2 g6 20. Qxh6 Bh2+ 21.
Kf1 Nf5 22. Bxf5 Rxe2 23. Kxe2 Qxf5 24. Qe3 Bd6 25. Kf1 Qc2 26. b4 Qb2 27. Qe1
f6 28. Qc1 Qxc1+ 29. Rxc1 Kf7 30. Ke2 Ke6 31. Kd3 Ra8 32. c4 dxc4+ 33. Kxc4 b5+
34. Kd3 Kd5 35. a4 Rb8 36. a5 Rh8 37. Rb1 a6 38. f3 f5 39. Be3 Rg8 40. Bd2 Rh8
41. Kc3 Bg3 42. Be1 Bf4 43. Bf2 Re8 44. Kd3 Rh8 45. h4 Bd6 46. g3 Rh7 47. Kc3 g5
48. hxg5 Rh2 49. Rf1 Rh3 50. g6 Rh6 51. g7 Rg6 52. Rh1 Bxg3 53. Be3 Rxg7 54. Rg1
Re7 55. Bg5 Be1+ 56. Kd3 Re8 57. Bd2 Bxd2 58. Kxd2 Kxd4 59. Rc1 Re6 60. Rc5 Rf6
61. Ke2 f4 62. Kf2 Kd3 63. Kg2 Rg6+ 64. Kf2 Rd6 65. Kg2 Ke3 66. Re5+ Kd3 67. Rc5
Rg6+ 68. Kf2 Kd2 69. Rf5 Kc3 70. Rxf4 c5 71. bxc5 b4 72. Rf8 b3 73. Rb8 b2 74.
Ke3 Rc6 75. Ke4 Rxc5 76. f4 Rb5 0-1

[Event "WY Boys-U14"]
[Site "Porto Carras GRE"]
[Date "2010.10.22"]
[Round "3.18"]
[White "Adelberg, David"]
[Black "Kanjaryan, Vladimir"]
[Result "1-0"]
[WhiteElo "2201"]
[BlackElo "1953"]
[WhiteFideId "2034778"]
[BlackFideId "13300423"]
[EventDate "2010.10.20"]

1. d4 d5 2. c4 e6 3. Nf3 c6 4. e3 Nf6 5. Bd3 Nbd7 6. O-O dxc4 7. Bxc4 b5 8. Bd3
Bb7 9. e4 a6 10. e5 Nd5 11. Ng5 Be7 12. Qg4 Qb6 13. Nc3 c5 14. Nxd5 Bxd5 15. Be3
f5 16. exf6 Nxf6 17. Qd1 c4 18. Bc2 O-O 19. Re1 Rad8 20. Qe2 Bd6 21. Nf3 Qc7 22.
h3 Ne8 23. Nd2 Qc6 24. f3 Bg3 25. Bf2 Bxf2+ 26. Qxf2 Nf6 27. Qe3 Qb6 28. Rad1 b4
29. Ne4 a5 30. Kh1 Rc8 31. Qg5 Qc6 32. Qh4 h6 33. Re3 a4 34. Rde1 b3 35. axb3
cxb3 36. Bb1 Qb6 37. Nc5 Rfe8 38. Nxa4 Qb4 39. Nc3 Red8 40. Nxd5 exd5 41. Qg3
Kf8 42. Bf5 Rc6 43. Re7 g5 44. Qe5 Qd6 45. Rb7 Qxe5 46. dxe5 Nh5 47. Kh2 Ng7 48.
Bd7 Rc2 49. e6 Nf5 50. Rxb3 d4 51. Rb5 Ne3 52. Rb7 Rxg2+ 53. Kh1 Rg3 54. Bc6
Rxh3+ 55. Kg1 Kg8 56. e7 Rc8 57. e8=Q+ Rxe8 58. Bxe8 Rxf3 59. Bg6 g4 60. Rc1
Rg3+ 61. Kf2 Rg2+ 62. Ke1 Rg1+ 63. Kd2 Rxc1 64. Kxc1 g3 65. Be4 g2 66. Bxg2 Nxg2
67. Rd7 Nf4 68. Kd2 Ne6 69. Re7 Ng5 70. Kd3 Kf8 71. Re2 Kf7 72. Kxd4 h5 73. b4
Kf6 74. b5 Ne6+ 75. Kc4 h4 76. b6 Nd8 77. Re8 Nb7 78. Kd3 h3 79. Rh8 Ke6 80. Kc4 1-0

[Event "WY Boys-U14"]
[Site "Porto Carras GRE"]
[Date "2010.10.23"]
[Round "4.2"]
[White "Palchun, Grigory"]
[Black "Laurusas, Tomas"]
[Result "0-1"]
[WhiteElo "2181"]
[BlackElo "2291"]
[WhiteFideId "24147338"]
[BlackFideId "12803731"]
[EventDate "2010.10.20"]

1. d4 Nf6 2. Nf3 g6 3. Bf4 Bg7 4. e3 O-O 5. c4 d6 6. Nc3 Nbd7 7. h3 b6 8. Be2
Bb7 9. O-O Re8 10. b4 Rc8 11. Bh2 c5 12. bxc5 dxc5 13. d5 a6 14. Qb3 e6 15. a4
exd5 16. cxd5 Ne4 17. Nxe4 Rxe4 18. Rac1 Rb4 19. Qa2 Rb2 20. Qa3 Rxe2 21. Qd3
Rb2 22. e4 Qe8 23. Rfe1 Ne5 24. Nxe5 Bxe5 25. f4 Bd4+ 26. Kh1 Qxa4 27. f5 Qb3
28. Qd1 0-1

[Event "WY Boys-U14"]
[Site "Porto Carras GRE"]
[Date "2010.10.23"]
[Round "4.3"]
[White "Nasuta, Grzegorz"]
[Black "Boruchovsky, Avital"]
[Result "1/2-1/2"]
[WhiteElo "2130"]
[BlackElo "2250"]
[WhiteFideId "1141686"]
[BlackFideId "2800055"]
[EventDate "2010.10.20"]

1. e4 e5 2. Nf3 Nc6 3. Bb5 a6 4. Ba4 Nf6 5. O-O Nxe4 6. d4 b5 7. Bb3 d5 8. dxe5
Be6 9. Nbd2 Nc5 10. c3 Nxb3 11. Nxb3 Be7 12. Nbd4 Nxd4 13. cxd4 O-O 14. Bd2 Bg4
15. Qb3 Rc8 16. h3 Bh5 17. Rac1 c6 18. Nh2 f6 19. f4 Qb6 20. Be3 Kh8 21. Nf3
Bxf3 22. Rxf3 fxe5 23. dxe5 d4 24. Bf2 c5 25. Qd1 Qe6 26. b3 Rcd8 27. Qe2 Qd5
28. Rd1 Qc6 29. f5 Rde8 30. b4 Bd6 31. e6 Qd5 32. Qd3 Rd8 33. a3 Be7 34. bxc5
Qxc5 35. Bxd4 Rxd4 36. Qxd4 Qxd4+ 37. Rxd4 Bc5 38. Rd3 Rd8 39. Kf1 Bxd4 40. e7
Re8 41. Rxd4 Kg8 42. Rd6 Rxe7 43. Rxa6 Rb7 44. Kf2 b4 45. axb4 Rxb4 46. g4 Rb3
47. Kg2 Kf7 48. h4 h6 49. g5 hxg5 50. hxg5 Rb5 51. g6+ Kf8 1/2-1/2

[Event "WY Boys-U14"]
[Site "Porto Carras GRE"]
[Date "2010.10.23"]
[Round "4.4"]
[White "Tomici, Stefan"]
[Black "Ynojosa, Felix Jose"]
[Result "0-1"]
[WhiteElo "2051"]
[BlackElo "2229"]
[WhiteFideId "1218417"]
[BlackFideId "3900258"]
[EventDate "2010.10.20"]

1. e4 c5 2. Nf3 Nc6 3. d4 cxd4 4. Nxd4 e5 5. Nb5 d6 6. N1c3 a6 7. Na3 b5 8. Nd5
Nce7 9. Bg5 Rb8 10. c4 f6 11. Be3 Nxd5 12. cxd5 f5 13. exf5 Nf6 14. Be2 Bxf5 15.
O-O Be7 16. Nc2 a5 17. a4 bxa4 18. Bd3 Bd7 19. f4 e4 20. Be2 Rxb2 21. Nd4 Nxd5
22. Bc1 Rb4 23. Nc2 Nc3 24. Qd2 Qb6+ 25. Kh1 Bf6 26. Nxb4 axb4 27. Bb2 Ke7 28.
Rac1 Qa5 29. Rfd1 Nxd1 30. Rxd1 d5 31. Ba3 Rb8 32. h3 Qc5 33. Rc1 Qd4 34. Bf1 0-1

[Event "WY Boys-U14"]
[Site "Porto Carras GRE"]
[Date "2010.10.23"]
[Round "4.5"]
[White "Shiven, Khosla"]
[Black "Harutyunian, Tigran K."]
[Result "1/2-1/2"]
[WhiteElo "2354"]
[BlackElo "2063"]
[WhiteFideId "5026415"]
[BlackFideId "13303635"]
[EventDate "2010.10.20"]

1. e4 c5 2. Nf3 d6 3. d4 cxd4 4. Nxd4 Nf6 5. Nc3 g6 6. Be3 Bg7 7. f3 O-O 8. Qd2
Nc6 9. O-O-O d5 10. exd5 Nxd5 11. Nxc6 bxc6 12. Bd4 Bxd4 13. Qxd4 Qb6 14. Na4
Qa5 15. b3 Bf5 16. Qc5 Qxc5 17. Nxc5 Rad8 18. Bd3 Nc3 19. Rde1 Rd5 20. Bxf5 Rxc5
21. Bd3 Nxa2+ 22. Kb2 Nb4 23. Rxe7 Nxd3+ 24. cxd3 Rd8 25. Rd1 a5 26. Re4 Rb8 27.
Ra1 Rd8 28. Rd1 Rb5 29. Kc2 Rdb8 30. Rb1 Kg7 31. Kc3 c5 32. Ra4 h5 33. Ra3 Kf6
34. Rb2 Ke5 35. Re2+ Kd6 36. Re4 f5 37. Rea4 Ra8 38. h4 Kc6 39. Kd2 Kb6 40. Rc4
Re8 41. Rca4 Re7 42. Ra2 Rd7 43. Kc3 Re7 44. g4 Rh7 45. Re2 Rb4 46. Re6+ Kb5 47.
Rxg6 1/2-1/2

[Event "WY Boys-U14"]
[Site "Porto Carras GRE"]
[Date "2010.10.23"]
[Round "4.7"]
[White "Bortnik, Alexandr"]
[Black "Adelberg, David"]
[Result "1-0"]
[WhiteElo "2302"]
[BlackElo "2201"]
[WhiteFideId "14120828"]
[BlackFideId "2034778"]
[EventDate "2010.10.20"]

1. e4 c5 2. b4 cxb4 3. a3 d5 4. exd5 Qxd5 5. Nf3 e5 6. c4 Qe6 7. Bb2 Nc6 8. Bd3
f6 9. O-O Qf7 10. Re1 Bc5 11. Be4 Nge7 12. d4 exd4 13. Bd5 Qh5 14. Qa4 bxa3 15.
Nxa3 Bd7 16. Qb5 Bxa3 17. Bxa3 Ne5 18. Qxb7 Rd8 19. Nxe5 fxe5 20. f4 1-0

[Event "WY Boys-U14"]
[Site "Porto Carras GRE"]
[Date "2010.10.23"]
[Round "4.8"]
[White "Santos Latasa, Jaime"]
[Black "Wagner, Dennis"]
[Result "1-0"]
[WhiteElo "2263"]
[BlackElo "2166"]
[WhiteFideId "2293307"]
[BlackFideId "24650684"]
[EventDate "2010.10.20"]

1. d4 Nf6 2. c4 c5 3. d5 b5 4. cxb5 a6 5. bxa6 g6 6. Nc3 Bxa6 7. g3 d6 8. Bg2
Bg7 9. Nf3 Nbd7 10. Rb1 Qa5 11. Bd2 O-O 12. O-O Rfb8 13. Qc2 Nb6 14. b3 Qa3 15.
Bc1 Qa5 16. Rd1 Ne8 17. Bb2 Bc8 18. Ra1 Bd7 19. e4 Nc4 20. bxc4 Rxb2 21. Qxb2
Bxc3 22. Qb7 Ra7 23. Qb8 Ra8 24. Qb7 Ra7 25. Qb3 Ba4 26. Qb8 Ra8 27. Qb7 Ra7 28.
Qc8 Ra8 29. Qb7 Bxd1 30. Rxd1 Kf8 31. e5 Qxa2 32. Ng5 Bxe5 33. Nxh7+ Kg7 34. Ng5
Ra7 35. Qc8 Nf6 36. Bh3 Qe2 37. Rf1 Qh5 38. Nxf7 Kxf7 39. Be6+ Kg7 40. Qb8 Ra2
41. Qd8 Qh7 42. h4 Ra7 43. Qb8 Ra2 44. Qd8 Kh6 45. Rb1 g5 46. Qf8+ Kg6 47. g4
Rxf2 48. h5+ Nxh5 49. Bf5+ 1-0

[Event "WY Boys-U14"]
[Site "Porto Carras GRE"]
[Date "2010.10.23"]
[Round "4.9"]
[White "Georgiadis, Nico"]
[Black "Cuellar, Diego"]
[Result "1/2-1/2"]
[BlackTitle "FM"]
[WhiteElo "2262"]
[BlackElo "2133"]
[WhiteFideId "1300113"]
[BlackFideId "3803830"]
[EventDate "2010.10.20"]

1. e4 e5 2. Nf3 Nc6 3. Bb5 a6 4. Ba4 Nf6 5. O-O Nxe4 6. d4 b5 7. Bb3 d5 8. dxe5
Be6 9. Nbd2 Nc5 10. c3 d4 11. Bxe6 Nxe6 12. Qe2 Qd5 13. Rd1 d3 14. Qe4 Rd8 15.
a4 Be7 16. axb5 axb5 17. Ra6 Nb8 18. Ra5 c6 19. Qxd5 Rxd5 20. c4 bxc4 21. Nxc4
Rd7 22. Be3 O-O 23. Nfd2 f5 24. f4 Rb7 25. Ra2 Nd7 26. Na5 Rc7 27. Ndc4 Ndc5 28.
Ra3 Rb8 29. g3 h6 30. Nd6 Bxd6 31. exd6 Rd7 32. Nxc6 Rxb2 33. Ne7+ Kf7 34. Nxf5
Rdb7 35. Rc3 Rc2 36. Ra3 Rcb2 37. Rc3 Rc2 38. Ra3 1/2-1/2

[Event "WY Boys-U14"]
[Site "Porto Carras GRE"]
[Date "2010.10.23"]
[Round "4.10"]
[White "Beradze, Irakli"]
[Black "Pirverdiyev, Aqil Kamran oglu"]
[Result "1-0"]
[WhiteElo "2242"]
[BlackElo "2109"]
[WhiteFideId "13604597"]
[BlackFideId "13400568"]
[EventDate "2010.10.20"]

1. e4 c5 2. Nf3 d6 3. d4 cxd4 4. Qxd4 Nc6 5. Bb5 Bd7 6. Bxc6 Bxc6 7. Nc3 Nf6 8.
Bg5 e6 9. O-O-O Be7 10. Rhe1 O-O 11. Kb1 h6 12. Bh4 Qa5 13. Qd2 Qc5 14. Nd4 Rfd8
15. f3 Qb6 16. Bf2 Qa6 17. g4 Nd7 18. h4 Ne5 19. g5 Nc4 20. Qc1 hxg5 21. hxg5 g6
22. Rh1 e5 23. Nb3 Kg7 24. f4 Rh8 25. f5 gxf5 26. exf5 Bxh1 27. f6+ Kg6 28. Rxh1
Qc6 29. Rxh8 Rxh8 30. fxe7 d5 31. Qe1 d4 32. Ne4 Ne3 33. Bxe3 Qxe4 34. Qf1 Qf5
35. Bf2 Re8 36. Qh1 Qxg5 37. Qe4+ Qf5 38. Qxb7 Rc8 39. Qg2+ Kh7 40. Be1 d3 41.
Qh2+ Kg6 42. Qg3+ Kf6 43. Qxd3 Qxd3 44. Bh4+ Kf5 45. cxd3 Re8 46. Nc5 Kg4 47.
Bf6 Kf5 48. Ne4 Ke6 49. Kc2 Kd7 50. b4 Rb8 51. a3 Ke6 52. Nc5+ Kd5 53. Bxe5 Rc8
54. Bf6 a5 55. Kc3 axb4+ 56. axb4 Kd6 57. Kc4 Kc6 58. d4 Rb8 59. b5+ 1-0

[Event "WY Boys-U14"]
[Site "Porto Carras GRE"]
[Date "2010.10.23"]
[Round "4.12"]
[White "Berbatov, Kiprian"]
[Black "Beukema, Stefan"]
[Result "1-0"]
[WhiteTitle "IM"]
[WhiteElo "2461"]
[BlackElo "2127"]
[WhiteFideId "2910446"]
[BlackFideId "1024523"]
[EventDate "2010.10.20"]

1. e4 e5 2. Nf3 Nc6 3. Nc3 Nf6 4. Bb5 Nd4 5. Ba4 c6 6. Nxe5 Qe7 7. Nf3 Nxe4 8.
O-O Nxf3+ 9. Qxf3 Ng5 10. Qg3 b5 11. Bxb5 cxb5 12. Nd5 Ne4 13. Qf4 g5 14. Qf5
Nd6 15. Nxe7 Nxf5 16. Nxf5 d5 17. Re1+ Kd8 18. Nd4 Bd7 19. d3 f6 20. Ne6+ Kc8
21. Nxf8 Rxf8 22. Bd2 Rf7 23. Re2 Kb7 24. Rae1 Rc8 25. Bc3 Bf5 26. a3 Rd8 27.
Re7+ Rd7 28. Rxf7 Rxf7 29. Bb4 Rd7 30. Re2 Kc8 31. Be7 Rc7 32. Bxf6 Bxd3 33.
Re8+ Kb7 34. Re7 Rxe7 35. Bxe7 Bxc2 36. Bxg5 Kc6 37. Be3 a5 38. f3 b4 39. axb4
axb4 40. Kf2 Kb5 41. Bd4 Kc4 42. Ke3 h5 43. g4 hxg4 44. fxg4 Bd1 45. h3 Bc2 46.
Bf6 Bd1 47. Bg7 Bc2 48. Bf6 Bd1 49. Be5 Bc2 50. h4 Bd1 51. Kf4 d4 52. Kf5 Bc2+
53. Kf6 Kd3 54. h5 Ke3 55. Bxd4+ Kxd4 56. g5 Kc4 57. g6 Kb3 58. h6 Kxb2 59. h7
Bxg6 60. Kxg6 1-0

[Event "WY Boys-U14"]
[Site "Porto Carras GRE"]
[Date "2010.10.23"]
[Round "4.13"]
[White "Monev, Alexander"]
[Black "Girish, A. Koushik"]
[Result "0-1"]
[BlackTitle "FM"]
[WhiteElo "2136"]
[BlackElo "2342"]
[WhiteFideId "2910322"]
[BlackFideId "5038448"]
[EventDate "2010.10.20"]

1. c4 b6 2. Nc3 Bb7 3. e4 e6 4. d3 Bb4 5. Bd2 Ne7 6. g3 O-O 7. Bg2 f5 8. Nge2
Nbc6 9. exf5 Nxf5 10. O-O Qc8 11. Ne4 Bxd2 12. Qxd2 Ncd4 13. Nxd4 Nxd4 14. f4
Qd8 15. b4 Qe7 16. Rab1 a5 17. b5 Rae8 18. Rbe1 h6 19. Kh1 Kh8 20. Qd1 Qa3 21.
Qd2 Re7 22. Qc3 Qxc3 23. Nxc3 Bxg2+ 24. Kxg2 Ref7 25. Re4 Nf5 26. Rfe1 Kh7 27.
h4 Rf6 28. Kh3 Rg6 29. Rg1 Nd6 30. Ree1 Rgf6 31. Ne4 Rf5 32. Nxd6 cxd6 33. Re3
Rc5 34. a4 g6 35. Rd1 Kg7 36. Kg2 h5 37. Kf3 Kf6 38. Rde1 Rfc8 39. Rd1 d5 40.
Re5 dxc4 41. Rxc5 Rxc5 42. dxc4 Ke7 43. Rd4 d5 44. cxd5 exd5 45. Rd3 Kd6 46. Re3
Rc4 47. Re8 Rxa4 48. Rg8 Re4 49. Rxg6+ Kc5 50. f5 a4 51. Rg7 Kxb5 52. Ra7 Kb4
53. f6 Re6 54. f7 Rf6+ 55. Ke3 b5 56. Kd4 Rf5 57. Re7 a3 58. g4 hxg4 59. h5 a2
60. Ra7 Kb3 61. h6 Rxf7 0-1

[Event "WY Boys-U14"]
[Site "Porto Carras GRE"]
[Date "2010.10.23"]
[Round "4.14"]
[White "Alekseenko, Kirill"]
[Black "Aghaei, Alireza"]
[Result "1-0"]
[WhiteTitle "FM"]
[WhiteElo "2284"]
[BlackElo "2112"]
[WhiteFideId "4135539"]
[BlackFideId "12509914"]
[EventDate "2010.10.20"]

1. e4 e6 2. Nf3 d5 3. Nc3 Nf6 4. e5 Nfd7 5. d4 c5 6. dxc5 Nc6 7. Bf4 Bxc5 8. Bd3
f6 9. exf6 Qxf6 10. Bg3 O-O 11. O-O Nd4 12. Nxd4 Bxd4 13. Qe2 Nc5 14. Nb5 Nxd3
15. cxd3 Bb6 16. Be5 Qg6 17. d4 Bd7 18. Nc3 Rac8 19. Rac1 a6 20. Qe3 Qg4 21. f4
Rc6 22. Rf3 Qf5 23. Rg3 g6 24. h4 Bd8 25. Rh3 Bf6 26. Qe2 h5 27. Rd1 b5 28. a3
a5 29. Bxf6 Rxf6 30. Rf3 b4 31. axb4 axb4 32. Na2 Rc2 33. Rd2 Rc4 34. b3 Rc8 35.
Nxb4 Qg4 36. Qf2 Rc1+ 37. Kh2 Bb5 38. Qg3 Qf5 39. Qg5 Qxg5 40. hxg5 Rf8 41. Nc2
Ra8 42. Ne3 Raa1 43. Kg3 Rh1 44. f5 gxf5 45. Kf4 Kf7 46. Ke5 Ra6 47. Rc2 Kg6 48.
Rc8 Re1 49. Rg8+ Kf7 50. Rb8 Be2 51. Rf2 Bd3 52. Kf4 Rh1 53. g3 Kg6 54. Ng2 Kg7
55. Rb7+ Kg6 56. Nh4+ Rxh4+ 57. gxh4 Ra1 58. Rd2 Be4 59. Re7 Rf1+ 60. Ke5 f4 61.
Rxe6+ Kg7 62. Ra2 Re1 63. Ra7+ Kf8 64. Kf6 1-0

[Event "WY Boys-U14"]
[Site "Porto Carras GRE"]
[Date "2010.10.23"]
[Round "4.17"]
[White "Shetty, Atulya"]
[Black "Giroyan, Gary"]
[Result "0-1"]
[WhiteElo "2092"]
[BlackElo "2244"]
[WhiteFideId "2031213"]
[BlackFideId "680281"]
[EventDate "2010.10.20"]

1. e4 c5 2. Nf3 e6 3. d4 cxd4 4. Nxd4 Nf6 5. Bd3 Nc6 6. Nxc6 dxc6 7. O-O e5 8.
Nd2 Qc7 9. b3 Bg4 10. Qe1 Bb4 11. f3 Be6 12. Qg3 O-O 13. Nc4 b5 14. Ne3 Bc3 15.
Rb1 Nh5 16. Qh4 Nf4 17. Rd1 Rad8 18. Bb2 Qa5 19. g3 Bxb2 20. Rxb2 Qc3 21. gxf4
exf4 22. Rbb1 fxe3 23. Qg5 c5 24. e5 g6 25. Bxb5 Rxd1+ 26. Rxd1 Qxc2 27. Rd8
Qf2+ 28. Kh1 Qxf3+ 29. Kg1 Qf2+ 30. Kh1 e2 31. Rxf8+ Kxf8 32. Qd8+ Kg7 33. Qf6+
Qxf6 34. exf6+ Kxf6 35. Bxe2 Bd5+ 36. Kg1 Ke5 37. Kf2 Kd4 0-1

[Event "WY Boys-U14"]
[Site "Porto Carras GRE"]
[Date "2010.10.24"]
[Round "5.1"]
[White "Laurusas, Tomas"]
[Black "Ynojosa, Felix Jose"]
[Result "1-0"]
[WhiteElo "2291"]
[BlackElo "2229"]
[WhiteFideId "12803731"]
[BlackFideId "3900258"]
[EventDate "2010.10.20"]

1. d4 Nf6 2. c4 e6 3. Nf3 b6 4. g3 Ba6 5. Qa4 c5 6. Bg2 Bb7 7. dxc5 Bxc5 8. O-O
O-O 9. Nc3 a6 10. Bf4 Be7 11. Rfd1 d6 12. Rd2 Qc7 13. Rad1 e5 14. Bg5 Nbd7 15.
Nh4 Bxg2 16. Nxg2 Rfb8 17. Ne3 Bf8 18. Bxf6 Nxf6 19. Qb3 Qc6 20. a4 g6 21. Qc2
Rd8 22. b3 Ra7 23. Ned5 Nxd5 24. Rxd5 Rad7 25. Qd3 Be7 26. Na2 Qb7 27. Nc3 Qc6
28. Qf3 Kg7 29. e4 Rf8 30. Qg4 Rdd8 31. R5d3 Rd7 32. Nd5 Rfd8 33. Qe2 Bf8 34.
Qe3 Rb8 35. Qg5 h6 36. Qf6+ Kh7 37. Qf3 Bg7 38. Nb4 Qc8 39. Qg4 a5 40. Nd5 Qe8
41. Qf3 Qe6 42. Qe3 Rdb7 43. Nc3 Rd8 44. Rd5 h5 45. Rb5 Qc8 46. Nd5 Bh6 47. Qf3
Qb8 48. Qc3 Rf8 49. Qf3 f5 50. exf5 Rxf5 51. Qe2 Bg5 52. Nc3 Rbf7 53. Ne4 Be7
54. Qe3 Qa8 55. Rdd5 Rf3 56. Qxb6 Qc8 57. Rd2 Qf5 58. Re2 Qg4 59. Qxa5 Rd3 60.
Qe1 h4 61. Rb7 h3 62. Rxe7 Kg7 63. Rxf7+ Kxf7 64. f3 Rxf3 65. Rf2 Kg7 66. Qe2
Rf4 67. Qxg4 1-0

[Event "WY Boys-U14"]
[Site "Porto Carras GRE"]
[Date "2010.10.24"]
[Round "5.2"]
[White "Vaibhav, Suri"]
[Black "Beradze, Irakli"]
[Result "1/2-1/2"]
[WhiteTitle "IM"]
[WhiteElo "2418"]
[BlackElo "2242"]
[WhiteFideId "5045185"]
[BlackFideId "13604597"]
[EventDate "2010.10.20"]

1. e4 c5 2. Nf3 d6 3. d4 cxd4 4. Nxd4 Nf6 5. Nc3 g6 6. Be3 Bg7 7. f3 O-O 8. Qd2
Nc6 9. O-O-O d5 10. exd5 Nxd5 11. Nxc6 bxc6 12. Bd4 Nxc3 13. Qxc3 Bh6+ 14. Be3
Bxe3+ 15. Qxe3 Qb6 16. Qxe7 Be6 17. Qa3 Rad8 18. Bd3 Rd5 19. Qc3 Rc5 20. Qd4
Bxa2 21. b4 Rg5 22. Qxb6 axb6 23. g3 Bd5 24. Rhf1 Rh5 25. Rf2 Be6 26. Be4 c5 27.
b5 c4 28. Bc6 c3 29. Rd3 Rc8 30. Rxc3 Rxb5 31. Bxb5 Rxc3 32. Kd2 Rc5 33. Bd3 Kf8
34. Rf1 Ke7 35. Rb1 Rc6 36. Be4 Rd6+ 37. Ke3 h5 38. h4 Kf6 39. Ra1 Ke5 40. Ra7
Rd1 41. f4+ Kd6 42. Bd3 Rg1 43. Kf2 Rb1 44. Ke3 Rg1 45. Kf2 Rb1 46. Ra8 Kc5 47.
Re8 Kd6 48. Rh8 b5 49. Rb8 b4 50. Ke3 Rg1 51. Kf2 Rb1 52. Rb5 b3 53. cxb3 Rxb3
54. Rxb3 Bxb3 55. Ke3 1/2-1/2

[Event "WY Boys-U14"]
[Site "Porto Carras GRE"]
[Date "2010.10.24"]
[Round "5.3"]
[White "Drozdowski, Kacper"]
[Black "Sahoo, Utkal Ranjan"]
[Result "1/2-1/2"]
[WhiteTitle "FM"]
[WhiteElo "2303"]
[BlackElo "2213"]
[WhiteFideId "1136720"]
[BlackFideId "5034566"]
[EventDate "2010.10.20"]

1. e4 e6 2. d4 d5 3. Nd2 dxe4 4. Nxe4 Nd7 5. Nf3 Ngf6 6. Nxf6+ Nxf6 7. g3 b6 8.
Bg2 Bb7 9. O-O Be7 10. Be3 O-O 11. c4 c5 12. dxc5 Bxc5 13. Qe2 Bxe3 14. Qxe3 Qc7
15. b3 Rfd8 16. Rad1 Be4 17. h3 Qb7 18. Nh4 h6 19. Rd4 Rxd4 20. Qxd4 Bxg2 21.
Nxg2 Ne4 22. h4 e5 23. Qd3 Nc5 24. Qf5 Re8 25. Rd1 e4 26. Rd5 a5 27. Ne3 Qe7 28.
Qg4 Nd3 29. h5 Qf6 30. Nf5 Qa1+ 31. Kg2 Qb2 32. Nxh6+ Kf8 33. Nf5 Qxf2+ 34. Kh3
Qf1+ 35. Kh2 Qf2+ 36. Kh3 Qb2 37. Qg5 Nf2+ 38. Kh4 Qa1 39. Qe3 Qh1+ 40. Kg5 Nh3+
41. Kg4 Ng1 42. Nh4 Qh3+ 43. Kf4 Qf1+ 44. Kg4 Qh3+ 45. Kf4 Qf1+ 46. Kg4 Qh3+ 1/2-1/2

[Event "WY Boys-U14"]
[Site "Porto Carras GRE"]
[Date "2010.10.24"]
[Round "5.4"]
[White "Boruchovsky, Avital"]
[Black "Bortnik, Alexandr"]
[Result "0-1"]
[WhiteElo "2250"]
[BlackElo "2302"]
[WhiteFideId "2800055"]
[BlackFideId "14120828"]
[EventDate "2010.10.20"]

1. e4 Nf6 2. e5 Nd5 3. d4 d6 4. Nf3 dxe5 5. Nxe5 c6 6. Bc4 Nd7 7. Nf3 N7f6 8. h3
Bf5 9. O-O e6 10. Bb3 Bd6 11. c4 Nf4 12. Nc3 O-O 13. Ne5 N6h5 14. Qf3 Qh4 15.
Bd1 Rad8 16. Be3 f6 17. g3 Nxh3+ 18. Kg2 N5f4+ 19. gxf4 fxe5 20. dxe5 Bxe5 21.
fxe5 Bd3 22. Qg4 Bxf1+ 23. Kh2 Rxf2+ 24. Bxf2 Qxf2+ 25. Kh1 Qxb2 26. Rb1 Qxc3
27. Qh4 Rxd1 0-1

[Event "WY Boys-U14"]
[Site "Porto Carras GRE"]
[Date "2010.10.24"]
[Round "5.5"]
[White "Harutyunian, Tigran K."]
[Black "Santos Latasa, Jaime"]
[Result "1/2-1/2"]
[WhiteElo "2063"]
[BlackElo "2263"]
[WhiteFideId "13303635"]
[BlackFideId "2293307"]
[EventDate "2010.10.20"]

1. d4 Nf6 2. c4 e6 3. Nf3 c5 4. e3 cxd4 5. exd4 d5 6. Nc3 Be7 7. Bg5 O-O 8. Bd3
dxc4 9. Bxc4 Nbd7 10. O-O Nb6 11. Bb3 Bd7 12. Ne5 Rc8 13. Qd3 Bc6 14. a3 Nbd5
15. Nxc6 bxc6 16. Rac1 Qd6 17. Bxf6 Nxf6 18. Rfd1 Rfd8 19. Na4 Nd7 20. Qa6 Qb8
21. Rc3 Bf6 22. Rh3 Nb6 23. Qd3 h6 24. Nxb6 axb6 25. Qe4 Rd6 26. Bc2 Rcd8 27.
Rf3 Qc7 28. h3 Rxd4 29. Qh7+ Kf8 30. Re1 Rf4 31. Rfe3 Rd2 32. Bg6 Rd8 33. Bc2
Ke7 34. Bb3 Qc8 35. g3 Rfd4 36. Qf5 R8d6 37. R1e2 c5 38. Qc2 Qc6 39. Ba2 Rd1+
40. Re1 Rxe1+ 41. Rxe1 Qf3 42. Re2 Bxb2 43. Bc4 Bd4 44. Kh2 Qxa3 45. Qe4 Qb4 46.
Qb7+ Rd7 47. Qa6 Qa5 48. Qc8 b5 49. Ra2 Qb4 50. Bxe6 fxe6 51. Ra8 Kd6 52. Ra6+
Ke7 53. Ra8 Kd6 54. Ra6+ Ke5 1/2-1/2